| 000 | 00387cam a22001337a 4500 | ||
|---|---|---|---|
| 008 | 180718b1968 xxu||||| |||| 00| 0 eng d | ||
| 082 | _aO35 R268 | ||
| 100 | _aRehin, G.F | ||
| 245 |
_aPatterns of performance in community care _cby G.F. Rehin And F.M. Martin |
||
| 260 |
_aLondon _bOxford _c1968 |
||
| 300 | _a235p | ||
| 650 | _aCommunity mental health services. | ||
| 700 | _aMartin, F.M. | ||
| 999 |
_c410159 _d410159 |
||